10 Random History Facts #4 - Statistics

General Stats
  • This quiz has been taken 18 times
  • The average score is 4 of 10
Answer Stats
Question Answer % Correct
In 50 days, what two countries sustained more losses than the US and Britain combined? Russia and Germany
83%
True or False: Britain attacked about 90% of the countries currently in the UN throughout the years. True
72%
What country had a ruler who's teeth became black from too much sugar? Britain
56%
The USS Indianapolis was sunk by a Japanese Submarine, what other significant event also took many lives from that same boat? Shark Attacks
44%
Richard the Lionheart spent how many months of his 10 year reign in England? 6
39%
What country sent many black soldiers to do suicidal tasks during WW1? France
39%
How many people witnessed the Wright Brother's first powered flight? Fewer than 10
33%
What small animals were subject to court but did not appear because of "reasonable fear of death" from cats and dogs? Rats
28%
True or False: DH Lawrence was thrown out of his village during World War Two because he was allegedly signaling to German U-boats with laundry on his clothesIine. False
22%
What president kept sheep in the White House? Woodrow Wilson
11%
No matching quizzes found
Score Distribution
Percent of People with Each Score
Percentile by Number Answered
Your Score History
You have not taken this quiz